Alice's adventures in Wonderland

Bibliographic Details
Main Author: Carroll, Lewis
Format: Book
Published: Singapore : Singapore Asia Publishers Pte Ltd , 2012
Series:First student's classic
Subjects:

MARC

LEADER 00000cam a2200000 7i4500
001 0000156931
005 20120403.0
020 |a 9789814357463 
020 |a 9814357464 
090 0 0 |a JF   |b FIR 
100 1 |a Carroll, Lewis 
245 1 0 |a Alice's adventures in Wonderland   |c Lewis Carroll 
260 |a Singapore :   |b Singapore Asia Publishers Pte Ltd ,   |c 2012 
300 |a 56p. ;   |c 21cm. 
490 0 |a First student's classic 
650 0 0 |a Comic strip characters 
999 |a 00258657   |b BUKU   |c PINJAMAN   |e PERPUSTAKAAN KOMUNITI PETALING JAYA